Regulace zadluženosti : aplikace na rozvojové ekonomiky

Zadlženosť je jedným z hlavných súčasných problémov najchudobnejších krajín sveta. Hoci je pozitívny vplyv zahraničného kapitálu na rozvoj krajín všeobecne uznávaný, prílišné spoliehanie sa na vonkajšie zdroje prináša so sebou nejedno nebezpečenstvo. Vymedzenie adekvátneho dlhového manažmentu pre ro...

Ausführliche Beschreibung

Gespeichert in:
Bibliographische Detailangaben
1. Verfasser: Jamborová, Monika
Format: Buchkapitel
Sprache:Tschechisch
Schlagworte:
Tags: Tag hinzufügen
Keine Tags, Fügen Sie das erste Tag hinzu!

MARC

LEADER 00000nla$a2200000$$$4500
001 0077836
005 20220801085412.6
041 0 |a cze 
044 |a CZ 
245 1 0 |a Regulace zadluženosti : aplikace na rozvojové ekonomiky  |c Monika Jamborová 
520 |a Zadlženosť je jedným z hlavných súčasných problémov najchudobnejších krajín sveta. Hoci je pozitívny vplyv zahraničného kapitálu na rozvoj krajín všeobecne uznávaný, prílišné spoliehanie sa na vonkajšie zdroje prináša so sebou nejedno nebezpečenstvo. Vymedzenie adekvátneho dlhového manažmentu pre rozvojové krajiny a vonkajší vládny dlh. Prehľad faktorov udržateľnosti zahraničného vládneho dlhu a možnosti jeho regulácie. 
610 2 0 |a krajiny rozvojové 
610 2 0 |a pomoc rozvojová 
610 2 0 |a zadlženosť 
610 2 0 |a zadlženosť zahraničná 
610 2 0 |a dlhy 
610 2 0 |a regulácia 
100 1 |a Jamborová, Monika